Countries: After 'R' Quiz Stats

 Plays Quiz Updated Jun 11, 2019

Score 0/18 Timer 05:00
6 Plays Today
Letter after 'R' Name of Country % Correct
ABrazil...
96%
UBurundi...
93.6%
INigeria...
93%
ESaint Vincent and the Grenadines...
91.1%
WRwanda...
88.9%
OMorocco...
88.6%
GKyrgyzstan...
86.4%
KTurkey...
81.6%
MArmenia...
77.5%
Letter after 'R' Name of Country % Correct
BAntigua and Barbuda...
73.7%
-Qatar...
69.3%
TPortugal...
62.9%
LNetherlands...
55.8%
RSierra Leone...
53.4%
YHungary
40.8%
DCabo Verde...
35%
ZBosnia and Herzegovina
31.2%
SMarshall Islands
26.9%

You're not logged in!

Compare scores with friends on all Sporcle quizzes.
OR
Log In

Sporcle TV

Today on Sporcle TV


Watch our educational content, quiz creation guides, and fun videos on Sporcle TV.

Show Comments

Extras

Top Quizzes Today


Score Distribution

Your Account Isn't Verified!

In order to create a playlist on Sporcle, you need to verify the email address you used during registration. Go to your Sporcle Settings to finish the process.

Report this User

Report this user for behavior that violates our Community Guidelines.

Details: